| 000 -LEADER |
| fixed length control field |
00556nam a2200169Ia 4500 |
| 008 - FIXED-LENGTH DATA ELEMENTS--GENERAL INFORMATION |
| fixed length control field |
200103s 1972 ||||xx |||||||||||||| ||und|| |
| 020 ## - INTERNATIONAL STANDARD BOOK NUMBER |
| International Standard Book Number |
0273318845 |
| 082 ## - DEWEY DECIMAL CLASSIFICATION NUMBER |
| Classification number |
621.31921 |
| Item number |
ROE |
| 100 ## - MAIN ENTRY--PERSONAL NAME |
| Personal name |
Roeper, Richard |
| 245 #0 - TITLE STATEMENT |
| Title |
Short-circuit currents in three-phase networks |
| 260 ## - PUBLICATION, DISTRIBUTION, ETC. (IMPRINT) |
| Name of publisher, distributor, etc |
Pitman Publishing |
| Place of publication, distribution, etc |
London |
| Date of publication, distribution, etc |
1972 |
| 300 ## - PHYSICAL DESCRIPTION |
| Extent |
98p. |
| 650 ## - SUBJECT ADDED ENTRY--TOPICAL TERM |
| Topical term or geographic name as entry element |
Most important kinds of short-circuits and their calculation |
| 650 ## - SUBJECT ADDED ENTRY--TOPICAL TERM |
| Topical term or geographic name as entry element |
Variation of short-circuit currents with time |
| 650 ## - SUBJECT ADDED ENTRY--TOPICAL TERM |
| Topical term or geographic name as entry element |
Treatment of networks and calculation data |
| 942 ## - ADDED ENTRY ELEMENTS (KOHA) |
| Item type |
Books |